| 000 | 00379cam a2200157ua 4500 | ||
|---|---|---|---|
| 041 |
_aeng _h |
||
| 082 |
_a921.93 _bPLA/TR |
||
| 100 | _aPlato, . | ||
| 245 |
_aTrial and death of Socrates / _cPlato. _hTextual Documents |
||
| 260 |
_aLondon : _bJ M Dent and Sons Ltd , _c1963. |
||
| 300 | _a175 ; . | ||
| 504 | _a | ||
| 650 | _aBiography | ||
| 942 | _cBK | ||
| 999 |
_c1116 _d1116 |
||